Addressing the Issue of Improving the Quality of Economics Education in Slovakia

Salvato in:
Dettagli Bibliografici
Autore principale: Gertler, Ľubomíra, 1977-
Natura: Capitolo di libro
Lingua:inglese
Soggetti:
Tags: Aggiungi Tag
Nessun Tag, puoi essere il primo ad aggiungerne!!

MARC

LEADER 00000naa$a2200000$$$4500
001 0165728
005 20250707072941.9
041 0 |a eng 
044 |a HU 
245 1 0 |a Addressing the Issue of Improving the Quality of Economics Education in Slovakia  |c Ľubomíra Gertler 
610 2 0 |a vzdelanie ekonomické 
610 2 0 |a kvalita vzdelávania 
610 2 0 |a Slovensko 
100 1 |a Gertler, Ľubomíra, 1977-